LEADER 00824nam0-22003131i-450- 001 990003068690403321 035 $a000306869 035 $aFED01000306869 035 $a(Aleph)000306869FED01 035 $a000306869 100 $a20000920d1973----km-y0itay50------ba 101 0 $aita 102 $aIT 200 1 $a<>English Book Trade$eAn Economic History of the Making and Sale of Books$fMarjorie Plant. 205 $a3. ed. 210 $aLondon$cAllen & Unwin$d1973. 215 $a520 p.$d21 cm 676 $aE/0 676 $aF/1.402 676 $aH/4.20 702 1$aPlant,$bMarjorie 801 0$aIT$bUNINA$gRICA$2UNIMARC 901 $aBK 912 $a990003068690403321 952 $aF/1.402 PLA$b6781/I$fSES 959 $aSES 996 $aEnglish Book Trade$9464917 997 $aUNINA DB $aING01 LEADER 02030oam 2200541M 450 001 9910716453003321 005 20200213071032.8 035 $a(CKB)5470000002521615 035 $a(OCoLC)1065767785 035 $a(OCoLC)995470000002521615 035 $a(EXLCZ)995470000002521615 100 $a20071213d1927 ua 0 101 0 $aeng 135 $aurcn||||||||| 181 $ctxt$2rdacontent 182 $cc$2rdamedia 183 $acr$2rdacarrier 200 10$aAccept title to certain lands in Teton County, Wyo. February 15, 1927. -- Committed to the Committee of the Whole House on the State of the Union and ordered to be printed 210 1$a[Washington, D.C.] :$c[U.S. Government Printing Office],$d1927. 215 $a1 online resource (3 pages) 225 1 $aHouse report / 69th Congress, 2nd session. House ;$vno. 2089 225 1 $a[United States congressional serial set] ;$v[serial no. 8689] 300 $aBatch processed record: Metadata reviewed, not verified. Some fields updated by batch processes. 300 $aFDLP item number not assigned. 606 $aElk 606 $aGifts 606 $aLand titles 606 $aLand titles$xRegistration and transfer 606 $aLegislative amendments 606 $aWildlife conservation 606 $aWildlife refuges 608 $aLegislative materials.$2lcgft 615 0$aElk. 615 0$aGifts. 615 0$aLand titles. 615 0$aLand titles$xRegistration and transfer. 615 0$aLegislative amendments. 615 0$aWildlife conservation. 615 0$aWildlife refuges. 701 $aWinter$b Charles E$g(Charles Edwin),$f1870-1948$pRepublican (WY)$01387987 801 0$bWYU 801 1$bWYU 801 2$bOCLCO 801 2$bOCLCQ 906 $aBOOK 912 $a9910716453003321 996 $aAccept title to certain lands in Teton County, Wyo. February 15, 1927. -- Committed to the Committee of the Whole House on the State of the Union and ordered to be printed$93484122 997 $aUNINA